Entry Personal Name
Number of records used in: 1
001 - CONTROL NUMBER
003 - CONTROL NUMBER IDENTIFIER
005 - DATE AND TIME OF LATEST TRANSACTION
- control field:
20230923155136.0
008 - FIXED-LENGTH DATA ELEMENTS
- fixed length control field:
020604n| acannaabn |n aaa
010 ## - LIBRARY OF CONGRESS CONTROL NUMBER
- LC control number:
n 2002014004
040 ## - CATALOGING SOURCE
- Original cataloging agency:
DLC
- Language of cataloging:
eng
- Transcribing agency:
DLC
- Modifying agency:
DLC
046 ## - SPECIAL CODED DATES
100 1# - HEADING--PERSONAL NAME
- Personal name:
Zhan, Xingzhi,
- Dates associated with a name:
1965-
373 ## - ASSOCIATED GROUP
- Associated group:
Institute of Mathematics, Peking University
375 ## - GENDER
670 ## - SOURCE DATA FOUND
- Source citation:
Zhan, Xingzhi. Matrix inequalities, 2002:
- Information found:
CIP t.p. (Xingzhi Zhan) data sheet, etc. (b. Nov. 27, 1965; Institute of Mathematics, Peking University, China)